00959nam a22002057a 450000500170000000700150001700800410003203500100007304000090008310000270009224501090011925600240022826000360025230000280028850602700031665000290058670000250061574000380064085600750067820240305165421.0cr|||| |||| 140424s2014 mx |||||s|||| 00||0 spa d a11797 avLex1 aPérez Chavez, José10aOtras disposiciones fiscales 2014h[Recurso electrónico] /cJosé Pérez Chavez, Raymundo Fol Olguin aServicio en línea aMexico DF:bTax Editores,c2014 a1 recurso electrónico1 aDisponible solo en los productos indicadosdvLex GlobaldvLex Global (Academic Edition, excluding Law Schools)dvLex Global (U.S. Academic Edition, Law Schools)dvLex Global (U.S. Academic Edition, excluding Law Schools)dvLex Global (Academic Edition, Law Schools)04aDerecho FiscalzMéxico1 aFol Olguin, Raymundo0 avLex Libros (Servicio en línea)40uhttps://app.vlex.com/#/sources/otras-disposiciones-fiscales-2014-11797